| 000 | 01098nam a2200277 a 4500 | ||
|---|---|---|---|
| 001 | 000002336 | ||
| 003 | DO-SdBNP | ||
| 005 | 20260305073949.0 | ||
| 007 | ta | ||
| 008 | 090701s1984 dr a r 000 0 spa d | ||
| 040 |
_aDO-SdBNP _bspa _cBNPHU |
||
| 082 | 4 |
_a332.46 _bS623c _222 |
|
| 245 | 0 | 3 |
_aLa situación cambiaria en la República Dominicana / _ceditor Frank Moya Pons. |
| 260 |
_aSanto Domingo : _bFORUM, _c1984. |
||
| 300 |
_a252 p. : _bil. ; _c23 cm. |
||
| 490 | 1 |
_aForum ; _v13 |
|
| 500 | _aExposiciones presentadas en el ¨Encuentro sobre la Situación Cambiaria en la República Dominicana¨, celebrada por FORUM el sábado 10 de marzo de 1984, en el Hotel Santo Domingo Sur. | ||
| 590 | _aInventariado, 2023/BT | ||
| 650 | 4 |
_aPolítica monetaria _zRepública Dominicana _vCongresos, conferencias, etc. _96378 |
|
| 650 | 4 |
_aCambio exterior _97430 |
|
| 651 | 4 |
_aRepública Dominicana _xPolítica Económica _vCongresos, conferenciasa, etc. _97001 |
|
| 700 | 1 |
_aMoya Pons, Frank, _d1944- _eed. _92095 |
|
| 830 | 0 |
_aFORUM _v13 _97431 |
|
| 910 | _aJornada de catalogación | ||
| 942 |
_2ddc _cLBS1 |
||
| 999 |
_c2181 _d2181 |
||